Parar en seco / (Registro nro. 15855)
[ vista simple ]
| 000 -LEADER | |
|---|---|
| fixed length control field | 01454cam a2200253 i 4500 |
| 003 - CONTROL NUMBER IDENTIFIER | |
| control field | OSt |
| 005 - DATE AND TIME OF LATEST TRANSACTION | |
| control field | 20221012165403.0 |
| 008 - FIXED-LENGTH DATA ELEMENTS--GENERAL INFORMATION | |
| fixed length control field | 170327t2016 ck gr 000 0dspa |
| 020 ## - INTERNATIONAL STANDARD BOOK NUMBER | |
| International Standard Book Number | 9789588931630 |
| 040 ## - CATALOGING SOURCE | |
| Original cataloging agency | CO-JMCR |
| Transcribing agency | CO-JMCR |
| 041 0# - LANGUAGE CODE | |
| Language code of text/sound track or separate title | spa |
| 082 04 - DEWEY DECIMAL CLASSIFICATION NUMBER | |
| Classification number | 864.5 / |
| Item number | O839p |
| 100 1# - MAIN ENTRY--PERSONAL NAME | |
| Personal name | Ospina, William, |
| Relator term | autor |
| 9 (RLIN) | 12589 |
| 245 10 - TITLE STATEMENT | |
| Title | Parar en seco / |
| Statement of responsibility, etc. | William Ospina |
| 250 ## - EDITION STATEMENT | |
| Edition statement | Primera edición |
| 260 ## - PUBLICATION, DISTRIBUTION, ETC. | |
| Place of publication, distribution, etc. | Bogotá : |
| Name of publisher, distributor, etc. | Debate, |
| Date of publication, distribution, etc. | ©2016 |
| 300 ## - PHYSICAL DESCRIPTION | |
| Extent | 59 páginas ; |
| Dimensions | 21 cm. |
| 500 ## - GENERAL NOTE | |
| General note | Incluye datos biográficos del autor en solapa. |
| 505 0# - FORMATTED CONTENTS NOTE | |
| Formatted contents note | El gran malestar -- La criatura sin límites -- El poder de los mitos -- La era cristiana -- La religión del progreso -- La madre tierra. |
| 520 3# - SUMMARY, ETC. | |
| Summary, etc. | En algún momento la naturaleza fue algo sagrado para la humanidad, y por eso era admirada, temida, respetada. Pero esa comunión se rompió. El hombre se volvió arrogante, se consideró el centro del universo y juzgó que la naturaleza era suya, que estaba ahí para su dominio y su explotación. En este ensayo, William Ospina reflexiona sobre este proceso y rastrea sus huellas en las religiones, el arte, la filosofía, la ciencia, la historia, la literatura, y llega a la dramática conclusión de que es urgente un alto en el camino, pues lo que está en juego es la supervivencia del planeta y de la raza humana. |
| 650 14 - SUBJECT ADDED ENTRY--TOPICAL TERM | |
| Topical term or geographic name entry element | Ensayos colombianos |
| 9 (RLIN) | 42017 |
| Chronological subdivision | Siglo XXI |
| 650 14 - SUBJECT ADDED ENTRY--TOPICAL TERM | |
| Topical term or geographic name entry element | Cambio climático |
| 9 (RLIN) | 42405 |
| 942 ## - ADDED ENTRY ELEMENTS (KOHA) | |
| Source of classification or shelving scheme | Dewey Decimal Classification |
| Koha item type | Books |
| Withdrawn status | Lost status | Source of classification or shelving scheme | Damaged status | Not for loan | Home library | Current library | Shelving location | Date acquired | Source of acquisition | Total Checkouts | Full call number | Barcode | Date last seen | Date last checked out | Copy number | Price effective from | Koha item type | Public note |
|---|---|---|---|---|---|---|---|---|---|---|---|---|---|---|---|---|---|---|
| Dewey Decimal Classification | Biblioteca Pública José María del Castillo y Rada | Biblioteca Pública José María del Castillo y Rada | Processing Center | 02/23/2022 | Dona | 2 | 864.5 / O839p | 201811390 | 05/16/2024 | 09/21/2022 | Ej.1 | 03/25/2022 | Books | Exlibris: Nota del autor con tinta negra en la primera hoja. |